01457nam a2200421 i 450000100060000000300090000600500170001500800390003201500170007102000150008803500230010303500360012603500140016203500210017603500230019703500440022004000410026404100080030504600090031308000140032210000480033624500530038426000480043730000550048533600270054033700540056733800280062138000160064938800140066538800140067950001040069350400370079765000200083465500260085465800210088071000360090185600980093719548KOSZ 00520220822140105.0000320s1980 pl a f |001 0 pol aPB 1980/2241 a8301003537 a991013292739705066 a(PL-WaBN)b13584431-48omnis_nlop ab13584431 a(OCoLC)830949371 a(PL)b0000001358443 a(EXLNZ-48OMNIS_NETWORK)9910443856205606 aWA NcWA NdKOSZ 005/EGdKOSZ 005/HR0 apol k1980 a7.032(38)1 aBernhard, Maria Ludwikad(1908-1998)eAutor10aSztuka hellenistyczna /cMaria Ludwika Bernhard. aWarszawa :bPańst. Wydaw. Naukowe,c1980. a619, [1] s. :bil., 2 mapy, portr., err. ;c25 cm. 2rdacontentaTekstbtxt 2rdamediaaBez urządzenia pośredniczącegobn 2rdacarrieraWoluminbnc aKsiążki a1901-2000 a1945-1989 aStanowi kontynuację prac: "Sztuka grecka V wieku p. n. e. " i "Sztuka grecka IV wieku p. n. e. ". aBibliogr. s. 577-611. - Indeksy. 7aHistoria sztuki 7aSztuka hellenistyczna aKultura i sztuka2 aPaństwowe Wydawnictwo Naukowe uhttp://koha.tu.koszalin.pl/cgi-bin/koha/opac-detail.pl?biblionumber=19548yKatalog online BPK